000 00586nam a2200229 i 4500
001 bgj
100 1 _aJOYCE, James
_d(1882-1941)
245 1 0 _aDubliners /
_cJames Joyce.
260 _aNew York :
_bPenguin Books,
_c1988.
300 _a223 pp ;
_c18 cm.
490 1 _aA Penguin Book
650 9 _aCity and town life
651 9 _aDublin (Ireland)
_xSocial life and customs
655 _aFiction
830 _aA Penguin Book
020 _a0140042229
040 _cBPK
041 0 _aeng
920 _a0-14-004222-9
942 _cKS
008 s uk f |000 0 eng
999 _c48669
_d48669
856 _uhttp://koha.tu.koszalin.pl/cgi-bin/koha/opac-detail.pl?biblionumber=48669
_yKatalog online BPK